Diccionario enciclopédico ilustrado / (Registro nro. 7514)
[ vista simple ]
| 000 -LEADER | |
|---|---|
| fixed length control field | 01034cam a2200265 a 4500 |
| 003 - CONTROL NUMBER IDENTIFIER | |
| control field | OSt |
| 005 - DATE AND TIME OF LATEST TRANSACTION | |
| control field | 20210310094309.0 |
| 008 - FIXED-LENGTH DATA ELEMENTS--GENERAL INFORMATION | |
| fixed length control field | 021003t 2000ck ao r 000 0 spa d |
| 020 ## - INTERNATIONAL STANDARD BOOK NUMBER | |
| International Standard Book Number | 9588089069 |
| 040 ## - CATALOGING SOURCE | |
| Original cataloging agency | CO-BoPUJ |
| Transcribing agency | CO-JMCR |
| 041 0# - LANGUAGE CODE | |
| Language code of text/sound track or separate title | spa |
| 082 04 - DEWEY DECIMAL CLASSIFICATION NUMBER | |
| Classification number | R / 036 / |
| Item number | E371d |
| Edition number | 23 |
| 110 2# - MAIN ENTRY--CORPORATE NAME | |
| Corporate name or jurisdiction name as entry element | El tiempo |
| 9 (RLIN) | 2528 |
| 245 10 - TITLE STATEMENT | |
| Title | Diccionario enciclopédico ilustrado / |
| Statement of responsibility, etc. | El tiempo ; ilustraciones Gloria Cárdenas, Alba Lucía Paredes y Gloria Quintero ; fotógrafos Luis A. Forero R. e Inés Téllez M. |
| 260 ## - PUBLICATION, DISTRIBUTION, ETC. | |
| Place of publication, distribution, etc. | Bogotá : |
| Name of publisher, distributor, etc. | El Tiempo, |
| Date of publication, distribution, etc. | c2000. |
| 300 ## - PHYSICAL DESCRIPTION | |
| Extent | 648 páginas |
| Other physical details | ilustraciones, mapas y fotografías a color ; |
| Dimensions | 28 cm. |
| 650 24 - SUBJECT ADDED ENTRY--TOPICAL TERM | |
| Topical term or geographic name entry element | Enciclopedias y diccionarios |
| 9 (RLIN) | 2047 |
| 650 24 - SUBJECT ADDED ENTRY--TOPICAL TERM | |
| Topical term or geographic name entry element | Español |
| General subdivision | Diccionarios |
| 9 (RLIN) | 14635 |
| 700 1# - ADDED ENTRY--PERSONAL NAME | |
| Personal name | Cárdenas, Gloria, |
| Relator term | ilustradora |
| 9 (RLIN) | 14636 |
| 700 1# - ADDED ENTRY--PERSONAL NAME | |
| Personal name | Paredes, Alba Lucía, |
| Relator term | ilustradora |
| 9 (RLIN) | 14637 |
| 700 1# - ADDED ENTRY--PERSONAL NAME | |
| Personal name | Quintero, Gloria, |
| Relator term | ilustradora |
| 9 (RLIN) | 14638 |
| 700 1# - ADDED ENTRY--PERSONAL NAME | |
| Personal name | Forero R., Luis A., |
| Relator term | fotógrafo |
| 9 (RLIN) | 14639 |
| 700 1# - ADDED ENTRY--PERSONAL NAME | |
| Personal name | Téllez M., Inés, |
| Relator term | fotógrafa |
| 9 (RLIN) | 14640 |
| 942 ## - ADDED ENTRY ELEMENTS (KOHA) | |
| Source of classification or shelving scheme | Dewey Decimal Classification |
| Koha item type | Books |
| Withdrawn status | Lost status | Source of classification or shelving scheme | Damaged status | Not for loan | Home library | Current library | Shelving location | Date acquired | Source of acquisition | Total Checkouts | Full call number | Barcode | Date last seen | Copy number | Price effective from | Koha item type |
|---|---|---|---|---|---|---|---|---|---|---|---|---|---|---|---|---|
| Dewey Decimal Classification | Biblioteca Pública José María del Castillo y Rada | Biblioteca Pública José María del Castillo y Rada | Reference | Donación | R / 036 / E371d | 201810772 | 03/10/2021 | Ej.2 | Books |